000 00602nam a2200205Ia 4500
003 IN-BaIIA
008 211028s9999 xx 000 0 eng d
020 _a1-871307-69-4
040 _cIIA Library
080 _a5(091)"313"
_bLOR
100 _aLorie, P
_919957
245 0 _aHistory of the future
_ba chronology
_cLorie, P and S. Murray-Clark
260 _aLondon
_bPyramid Books
_c1989
300 _a224p.
650 _aFuture
_919958
650 _aHistory
_97064
650 _aScience
_91299
700 _aMurray-Clark, S.
_919959
942 _cBK
999 _c11559
_d11559